Geometria : dei sistemi algebrici sopra una superficie e sopra una varietà algebrica. Volume secondo /
Guardado en:
| Autor Principal: | |
|---|---|
| Formato: | Libro |
| Idioma: | Italian |
| Publicado: |
Roma :
Edizioni Cremonese,
c1958.
|
| Etiquetas: |
Agregar Etiqueta
Sin Etiquetas, Sea el primero en etiquetar este registro!
|
| LEADER | 00526nam a22001455a 4500 | ||
|---|---|---|---|
| 001 | MAT.inmabb001369 | ||
| 008 | 031124s1958####it############000#0#ita#d | ||
| 005 | 20170815153933.0 | ||
| 245 | 1 | 0 | |a Geometria : |b dei sistemi algebrici sopra una superficie e sopra una varietà algebrica. |n Volume secondo / |c Francesco Severi. |
| 260 | |a Roma : |b Edizioni Cremonese, |c c1958. | ||
| 300 | |a iv, 463 p. ; |c 24 cm. | ||
| 510 | 4 | |a MR, |c 21 #3409 | |
| 100 | 1 | |a Severi, Francesco. | |
| 084 | |a 14-XX |2 msc2000 | ||
| 859 | |h 14 |i Se498 |p A-1608 |v 2 |3 Vol. II |b BIB. MATEMATICA | ||
